| 000 | 00875nam a2200289Ia 4500 | ||
|---|---|---|---|
| 003 | OSt | ||
| 005 | 20221005043908.0 | ||
| 006 | a|||||r|||| 00| 0 | ||
| 007 | ta | ||
| 008 | 221004b |||||||| |||| 00| 0 eng d | ||
| 020 |
_a075460909X _c5016 |
||
| 024 | _a82255 | ||
| 037 |
_b6068, 30/03/2005, Elite Publishers Distributors _cTextual |
||
| 040 |
_aCRL _cCRL _beng |
||
| 041 |
_2eng _aeng |
||
| 082 | _aY:10cW, P2 | ||
| 100 | _aLane Jan-Erik | ||
| 245 | 0 |
_aCulture and politics _b A comparative approach |
|
| 260 |
_aHants _bAshgate Publishing Limited U. K. _c2002 |
||
| 300 |
_a353p. _ccm. |
||
| 650 | _a POLITICAL SCIENCE | ||
| 650 | _a SOCIOLOGY | ||
| 650 | _aCULTURE | ||
| 700 | _a Ersson Svante | ||
| 942 |
_hY:10cW, P2 _cTEXL _2cc |
||
| 999 |
_c952557 _d952557 |
||